Statistics for Top 20 Worst Country Flags

Click here to take the quiz!

General Stats

  • This quiz has been taken 36 times
    (35 since last reset)
  • The average score is 17 of 20

Answer Stats

Answer% Correct
Japan
97%
Armenia
94%
Romania
94%
Latvia
94%
Poland
94%
Colombia
90%
Indonesia
90%
Monaco
87%
Chad
87%
Haiti
87%
Tuvalu
84%
Lithuania
84%
Oman
81%
Benin
81%
Mauritius
77%
Central African Republic
77%
Zambia
74%
Madagascar
71%
Guinea-Bissau
71%
Senegal
71%

Score Distribution

Percentile by Number Answered

Percent of People with Each Score

Your Score History

You have not taken this quiz since the last reset